000 00367nam a22001337a 4500
082 _a691.2
_bHUM
_cL-28, P-110
100 _aLibyan Arab Republic
_945495
245 _aThe human march in the Libyan Arab Republic
260 _bLibyan Arab Republic
300 _a247 p.
_billus.
526 _a0
_b0
_c0
_d691_200000000000000_HUM
650 _aMCE
_9379
942 _2ddc
_cBK
999 _c549002
_d549002